Slovenskí diplomati v službách Československa bakalárska práca

Uložené v:
Podrobná bibliografia
Hlavný autor: Kúdelová, Jana
Korporativný autor: Fakulta medzinárodných vzťahov EU. Katedra medzinárodných politických vzťahov
Ďalší autori: Weiss, Peter
Médium: Kniha
Jazyk:Slovak
Vydavateľské údaje: Bratislava 2009
Tagy: Pridať tag
Žiadne tagy, Buďte prvý, kto otaguje tento záznam!

MARC

LEADER 00000nam$a2200000$$$4500
001 0099862
005 20240318140653.0
041 0 |a slo 
044 |a SK 
245 1 0 |a Slovenskí diplomati v službách Československa  |b bakalárska práca  |c Jana Kúdelová ; škol. Peter Weiss 
264 1 |a Bratislava  |c 2009 
300 |a 49 s. 
100 1 |a Kúdelová, Jana 
700 1 |a Weiss, Peter 
710 2 |a Fakulta medzinárodných vzťahov EU. Katedra medzinárodných politických vzťahov